L'homme pressé - Noir Désir : Paroles - Statistiques

Statistiques générales
  • Ce quiz a été pris 31 fois
  • Le résultat moyen est 319 sur 460
Statistiques - réponses
Paroles % Correct
de
100%
homme
100%
je
100%
pressé
100%
suis
100%
un
100%
à
95%
a
95%
le
95%
ma
95%
moi
95%
que
95%
ce
91%
des
91%
mon
91%
qui
91%
en
86%
et
86%
la
86%
les
86%
plus
86%
très
86%
dans
82%
monde
82%
pas
82%
du
77%
vais
77%
vite
77%
entrer
73%
J'suis
73%
j'suis
73%
mannequin
73%
mes
73%
politique
73%
réseau
73%
une
73%
veut
73%
avec
68%
car
68%
cerveau
68%
ces
68%
est
68%
miettes
68%
peu
68%
toile
68%
c'est
64%
soleil
64%
temps
64%
glacé
59%
mais
59%
n'ai
59%
pour
59%
sont
59%
vous
59%
amis
55%
carrière
55%
conneries
55%
jeu
55%
l'immobilier
55%
médiatique
55%
même
55%
ne
55%
n'imaginez
55%
qu'ils
55%
ravalé
55%
se
55%
faire
50%
j'ai
50%
l'inhumanité
50%
militant
50%
référence
50%
riche
50%
sais
50%
comète
45%
connais
45%
d'regarder
45%
évidemment
45%
fais
45%
femmes
45%
fréquente
45%
immédiats
45%
l'homme
45%
proférées
45%
profits
45%
quotidien
45%
télévision
45%
universelle
45%
y'en
45%
affaires
41%
chance
41%
destin
41%
émissions
41%
hommes
41%
il
41%
importe
41%
leurs
41%
omniscient
41%
on
41%
payer
41%
peuvent
41%
pieds
41%
roi
41%
teint
41%
asservis
36%
aussi
36%
cochons
36%
confiture
36%
crétins
36%
deviens
36%
faveurs
36%
humaine
36%
médias
36%
mieux
36%
omniprésent
36%
reste
36%
rois
36%
traverse
36%
aux
32%
certains
32%
d'la
32%
envahi
32%
huit
32%
j'en
32%
love
32%
milliards
32%
part
32%
potentiels
32%
pourriture
32%
puis
32%
super
32%
voie
32%
bourse
27%
France
27%
l'audience
27%
savez
27%
toujours
27%
tout
27%
affamés
23%
amour
23%
cordons
23%
croyez
23%
gais
23%
j'adore
23%
l'audimat
23%
nous
23%
parle
23%
pulvériser
23%
ramener
23%
relâchent
23%
science
23%
yeux
23%
coins
18%
devenu
18%
file
18%
notre
18%
nourriture
18%
n'y
18%
peux
18%
quatre
18%
qu'est-ce
18%
Amérique
14%
connaissances
14%
crache
14%
exploser
14%
Paris
14%
secrets
14%
avides
9%
dit-on
9%
ex-soviétique
9%
Lioubov
9%
Russie
9%
savons
9%
demandent
5%
j'connais
5%
voyez
5%
uniques
0%
Aucun quiz correspondant
Distribution des résultats
% des personnes avec chaque résultat
Percentile par nombre de réponses
Votre historique - résultats
Vous n’avez pas pris ce quiz